Dumb quiz - Statistics

General Stats
  • This quiz has been taken 123 times
  • The average score is 14 of 16
Answer Stats
Hint Type Answer % Correct
Where is the Eiffel Tower located? City Paris
100%
The Amazon Rainforest is mostly in which country? (hint the Amazon Rainforest is in south America) Country Brazil
96%
Which country is the most populated in the world? Country India
96%
What is the biggest city in the USA? City New York
96%
What is the biggest country in the world? Country Russia
96%
What country has the Pyramids of Giza? Country Egypt
94%
Where was Napoleon Bonaparte from? Country France
94%
Where is the Big Ben, The Shard, The Gherkin, Westminster Abbey or the Buckingham palace located? City London
94%
What country has Kangaroos and Koalas? Country Australia
92%
What Continent has no permanent human population? Continent Antarctica
88%
What is the capital of China? (hint it is not Shanghai) City Beijing
88%
Where is the Burj Khalifa located? City Dubai
82%
What city has the Opera house? City Sydney
76%
What is the biggest city in Africa? (hint it is in Nigeria) City Lagos
70%
What is the biggest city in New Zealand? City Auckland
66%
What country in Africa is also the name of a children's film? Country Madagascar
34%
No matching quizzes found
Score Distribution
Percent of People with Each Score
Percentile by Number Answered
Your Score History
You have not taken this quiz